भारतीय साहित्य के निर्माता: (Record no. 212831)

MARC details
000 -LEADER
fixed length control field 00908nam a22001937a 4500
005 - DATE AND TIME OF LATEST TRANSACTION
control field 20250805121353.0
010 ## - LCCN (DPL NO)
LC control number HIN-130130
020 ## - INTERNATIONAL STANDARD BOOK NUMBER
International Standard Book Number 9789355486271
Terms of availability 100.00
035 ## - SYSTEM CONTROL NUMBER
System control number HN-102476
037 ## - SOURCE OF ACQUISITION
Source of stock number/acquisition DBAD
082 ## - DEWEY DECIMAL CLASSIFICATION NUMBER
Classification number 820.8
100 ## - MAIN ENTRY--PERSONAL NAME
Personal name लालवाणी , जेठो
245 ## - TITLE STATEMENT
Title भारतीय साहित्य के निर्माता:
Statement of responsibility, etc जेठो लालवाणी
Remainder of title ईश्वर चन्द्र /
250 ## - EDITION STATEMENT
Edition statement प्रथम
260 ## - PUBLICATION, DISTRIBUTION, ETC. (IMPRINT)
Name of publisher, distributor, etc साहित्य अकादमी
Place of publication, distribution, etc नई दिल्ली
Date of publication, distribution, etc 2024
270 ## - ADDRESS
Address रबिन्द्र भवन , 35, फिरोजशाह रोड, नई दिल्ली
City नई दिल्ली
Postal code 110001
Telephone number 011-2338626/27/28
Electronic mail address secretary@sahitya-akademi.gov.in
300 ## - PHYSICAL DESCRIPTION
Extent 93पृ.
Other physical details 22सेमी (अजिल्द)
942 ## - ADDED ENTRY ELEMENTS (KOHA)
Source of classification or shelving scheme Dewey Decimal Classification
Item type Hindi Books
Classification part 820.8
Call number suffix लालव
Holdings
Withdrawn status Lost status Not for loan Collection code Home library Current library Date acquired Source of acquisition Cost, normal purchase price Full call number Barcode Copy number Koha item type
      Non-fiction Sarojini Nagar Sarojini Nagar 04/08/2025 DBAD 100.00 820.8 लालव HN-102476 1 Hindi Books

© Delhi Public Library
Hit Counter
free hit counter